| 000 | 00773nam a22002417a 4500 | ||
|---|---|---|---|
| 003 | UA-OsUOA | ||
| 001 | 25272 | ||
| 007 | ta | ||
| 008 | 20040330b un ||||| |||| 00| 0 ukr d | ||
| 090 |
_a159.92:314 _bМ43 |
||
| 942 | _cBK | ||
| 040 |
_aUA-OsUOA _brus _cUA-OsUOA _dUA-OsUOA |
||
| 245 |
_aМежкультурный диалог _bЛекции по проблемам межэтнического и межконфессиального взаимодействия _cПод ред. М.Ю.Мартыновой В.Л.Тишкова Н.М.Лебедевой |
||
| 300 | _a406 с. | ||
| 955 | _a0 | ||
| 041 | _arus | ||
| 080 | _a159.92:314 | ||
| 020 | _a5-209-02209-9 | ||
| 260 |
_aМосква _bРУНД _c2003 |
||
| 044 | _aRU | ||
| 650 | 7 | _2UDC | |
| 999 |
_c311565 _d311565 |
||